000 00600nam a22001937a 4500
003 OSt
005 20251202093007.0
008 251202b |||||||| |||| 00| 0 eng d
020 _a971-0489-18-3.
040 _aDWC-Main lib.
_cOC
082 _22008 ed.
_bFil. 657 C117f 2008
100 _aCabrera, Ma. Elenita B.
245 _aFundamentals of accounting,
_bvol. 2/
_cMa. Elenita B. Cabrera
260 _aManila :
_bGIC Enterprises & Co., Inc.,
_cc2008.
300 _avii, 406 p. ;
_c23 cm.
700 _aLedesma, Ester Francisco
760 _b2008 ed.
942 _2ddc
_cBK - FIL
_e2008 ed.
_kFil.
_n0
999 _c6684
_d6684